[Event "Eindhoven WLC op 12th"]
[Site "Eindhoven"]
[Date "2022.05.14"]
[Round "3"]
[White "Faber, Hugo"]
[Black "Krenning, Jasper"]
[Result "1-0"]
[WhiteElo "2076"]
[BlackElo "1736"]
[PlyCount "81"]
[EventDate "2022.05.13"]
[EventType "swiss"]
[EventRounds "6"]
[EventCountry "NED"]
[SourceTitle "CBM 208 Extra"]
[Source "ChessBase"]
[SourceDate "2022.07.31"]
[SourceVersion "1"]
[SourceVersionDate "2022.07.31"]
[SourceQuality "1"]

1. e4 e5 2. Nf3 Nc6 3. Bb5 d6 4. d4 exd4 5. Qxd4 Bd7 6. Bxc6 Bxc6 7. Bg5 f6 8. Bh4 h5 9. Nc3 Qd7 10. h3 b6 11. 0-0-0 0-0-0 12. Qc4 Kb8 13. Rhe1 g5 14. Bg3 Bb7 15. Nd4 Ne7 16. Ne6 Ng6 17. Nxd8 Qxd8 18. Nd5 Ne5 19. Bxe5 fxe5 20. Rd3 c6 21. Nb4 Qc8 22. Rc3 c5 23. Qf7 g4 24. Nd5 Bh6+ 25. Kd1 Qd8 26. Qe7 Bxd5 27. Qxd8+ Rxd8 28. exd5 Rf8 29. Re2 Rf5 30. hxg4 hxg4 31. Rc4 g3 32. Ke1 Bf4 33. fxg3 Bxg3+ 34. Kd2 Rg5 35. Rc3 b5 36. Rf3 Bf4+ 37. Kd3 c4+ 38. Ke4 Bc1 39. c3 a5 40. g3 b4 41. Rc2 1-0

[Event "Eindhoven WLC op 12th"]
[Site "Eindhoven"]
[Date "2022.05.13"]
[Round "1"]
[White "Hubers, Daan"]
[Black "Faber, Hugo"]
[Result "1/2-1/2"]
[WhiteElo "1818"]
[BlackElo "2076"]
[PlyCount "57"]
[EventDate "2022.05.13"]
[EventType "swiss"]
[EventRounds "6"]
[EventCountry "NED"]
[SourceTitle "CBM 208 Extra"]
[Source "ChessBase"]
[SourceDate "2022.07.31"]
[SourceVersion "1"]
[SourceVersionDate "2022.07.31"]
[SourceQuality "1"]

1. b4 d5 2. Bb2 Bf5 3. e3 Nf6 4. Bd3 Bxd3 5. cxd3 e6 6. a3 Nbd7 7. d4 c6 8. Nc3 Bd6 9. Nf3 0-0 10. 0-0 Re8 11. d3 e5 12. Re1 e4 13. dxe4 Nxe4 14. Nxe4 dxe4 15. Nd2 Re6 16. Nc4 Bc7 17. d5 cxd5 18. Qxd5 Ne5 19. Qxd8+ Rxd8 20. Nxe5 Bxe5 21. Bxe5 Rxe5 22. Rac1 Kf8 23. Kf1 Red5 24. Rc7 R8d7 25. Rec1 Ke7 26. Ke1 f5 27. R1c5 g6 28. Rxd5 Rxc7 29. Kd2 1/2-1/2

[Event "Hoogeveen op 23rd"]
[Site "Hoogeveen"]
[Date "2019.10.22"]
[Round "5"]
[White "Faber, Hugo"]
[Black "Ricken, Katharina"]
[Result "1/2-1/2"]
[WhiteElo "2077"]
[BlackElo "1970"]
[PlyCount "89"]
[EventDate "2019.10.19"]
[EventType "swiss"]
[EventRounds "9"]
[EventCountry "NED"]
[SourceTitle "CBM 192 Extra"]
[Source "Chessbase"]
[SourceDate "2019.11.06"]
[SourceVersion "1"]
[SourceVersionDate "2019.11.06"]
[SourceQuality "1"]

1. e4 e6 2. d4 d5 3. Nd2 c5 4. exd5 exd5 5. Bb5+ Nc6 6. Ngf3 Qe7+ 7. Be2 Qc7 8. 0-0 Nf6 9. Re1 Be6 10. Bb5 Be7 11. c3 0-0 12. dxc5 Bxc5 13. Nb3 Bb6 14. Bxc6 bxc6 15. Nbd4 Rfe8 16. h3 Ne4 17. Be3 Rad8 18. Qc1 c5 19. Bf4 Qb7 20. Nxe6 Rxe6 21. Ng5 Nxg5 22. Bxg5 Rde8 23. Qd2 h6 24. Bf4 Qe7 25. Kf1 Re4 26. f3 Rxe1+ 27. Rxe1 Qxe1+ 28. Qxe1 Rxe1+ 29. Kxe1 f6 30. Ke2 Kf7 31. Kd3 Ke6 32. b3 Kf5 33. Bd2 Ke6 34. a4 Ke5 35. c4 Bc7 36. Be1 Ke6 37. b4 Bd6 38. b5 Bc7 39. a5 d4 40. a6 f5 41. Bd2 Ke5 42. Bc1 Ke6 43. Bd2 Ke5 44. Bc1 Ke6 45. Bd2 1/2-1/2

[Event "Hoogeveen op 23rd"]
[Site "Hoogeveen"]
[Date "2019.10.21"]
[Round "3"]
[White "Wiersma, Eelke"]
[Black "Faber, Hugo"]
[Result "1-0"]
[WhiteElo "2321"]
[BlackElo "2077"]
[PlyCount "105"]
[EventDate "2019.10.19"]
[EventType "swiss"]
[EventRounds "9"]
[EventCountry "NED"]
[SourceTitle "CBM 192 Extra"]
[Source "Chessbase"]
[SourceDate "2019.11.06"]
[SourceVersion "1"]
[SourceVersionDate "2019.11.06"]
[SourceQuality "1"]

1. e4 e6 2. d4 d5 3. Nd2 c5 4. exd5 Qxd5 5. Ngf3 cxd4 6. Bc4 Qd6 7. 0-0 Nf6 8. Nb3 Nc6 9. Nbxd4 Nxd4 10. Nxd4 a6 11. Re1 Be7 12. c3 0-0 13. Qf3 Qc7 14. Bb3 Bd6 15. h3 e5 16. Nc2 e4 17. Qe2 h6 18. Be3 Be5 19. Rad1 Bf5 20. Qc4 Qxc4 21. Bxc4 Rac8 22. Bb3 Rfd8 23. Bb6 Rd6 24. Rxd6 Bxd6 25. Bd4 Re8 26. Bxf6 gxf6 27. Bd5 Re7 28. Ne3 Bg6 29. g4 Bc5 30. Kg2 Kg7 31. Nf5+ Bxf5 32. gxf5 e3 33. fxe3 b5 34. e4 a5 35. a3 Rc7 36. Kf3 Bd6 37. Rd1 Be5 38. Rd2 Rc8 39. Bb7 Rc7 40. Ba6 Rc5 41. Rd5 Rxd5 42. exd5 b4 43. cxb4 axb4 44. axb4 Bxb2 45. d6 Kf8 46. b5 Be5 47. d7 Ke7 48. Bc8 Bc7 49. Kg4 Bb6 50. Kh5 Be3 51. h4 Kd8 52. b6 Bxb6 53. Kxh6 1-0

[Event "Budapest FS11 FM"]
[Site "Budapest"]
[Date "2016.11.14"]
[Round "9"]
[White "Faber, Hugo"]
[Black "Frost, Peter"]
[Result "1/2-1/2"]
[WhiteElo "2091"]
[BlackElo "1916"]
[PlyCount "92"]
[EventDate "2016.11.05"]
[EventType "tourn"]
[EventRounds "10"]
[EventCountry "HUN"]
[SourceTitle "CBM 175 Extra"]
[Source "ChessBase"]
[SourceDate "2016.12.12"]
[SourceVersion "1"]
[SourceVersionDate "2016.12.12"]
[SourceQuality "1"]

1. e4 d6 2. d4 Nf6 3. Nc3 c6 4. a4 Qa5 5. Bd3 Nbd7 6. Nge2 e5 7. 0-0 Be7 8. Kh1 0-0 9. Bd2 Qc7 10. f4 exd4 11. Nxd4 Re8 12. Nf5 Bf8 13. Be3 Nc5 14. Bxc5 dxc5 15. Ne3 c4 16. Nxc4 Be6 17. Qf3 Rad8 18. e5 Bxc4 19. Bxc4 Nd5 20. Ne4 Qb6 21. Bb3 Qe3 22. Qxe3 Nxe3 23. Rfe1 Nd5 24. g3 h6 25. c3 Kh8 26. Kg2 f6 27. exf6 Nxf6 28. Nxf6 Rd2+ 29. Kf3 Rxe1 30. Rxe1 gxf6 31. Re2 Rxe2 32. Kxe2 Kg7 33. Kd3 f5 34. Be6 Kf6 35. Bc8 b6 36. Bd7 Bc5 37. h3 Bf2 38. g4 fxg4 39. hxg4 Bg3 40. Ke4 c5 41. a5 bxa5 42. c4 Be1 43. Kd5 Bb4 44. b3 Ba3 45. Kc6 Bb4 46. Bc8 Ba3 1/2-1/2

[Event "Budapest FS11 FM"]
[Site "Budapest"]
[Date "2016.11.12"]
[Round "7"]
[White "Faber, Hugo"]
[Black "Torok, Tamas Titusz"]
[Result "1-0"]
[WhiteElo "2091"]
[BlackElo "2153"]
[PlyCount "167"]
[EventDate "2016.11.05"]
[EventType "tourn"]
[EventRounds "10"]
[EventCountry "HUN"]
[SourceTitle "CBM 175 Extra"]
[Source "ChessBase"]
[SourceDate "2016.12.12"]
[SourceVersion "1"]
[SourceVersionDate "2016.12.12"]
[SourceQuality "1"]

1. e4 e5 2. Nf3 Nc6 3. Bb5 Nge7 4. d4 Nxd4 5. Nxd4 exd4 6. Qxd4 Nc6 7. Qd1 Bc5 8. Nc3 0-0 9. 0-0 a6 10. Bc4 Ne5 11. Bb3 d6 12. Bf4 c6 13. Qd2 Qh4 14. Bg3 Qe7 15. Kh1 b5 16. f4 Ng4 17. h3 Ne3 18. Rfe1 a5 19. a3 Nc4 20. Bxc4 bxc4 21. Na4 Ba7 22. Rad1 Qb7 23. f5 d5 24. f6 h6 25. exd5 cxd5 26. Re7 Qc6 27. Be5 g5 28. Qxd5 Qxa4 29. Qxa8 Qxc2 30. Qd5 Bc5 31. Rc7 Bb6 32. Rxc4 Qe2 33. Re4 Qh5 34. Kh2 Bf5 35. Ree1 Kh7 36. Rf1 Rd8 37. Bd6 Be6 38. Qe4+ Kg8 39. g4 Qg6 40. Qxg6+ fxg6 41. Be5 Re8 42. Rd6 Bf7 43. Bd4 Re2+ 44. Kg3 Bxd4 45. Rxd4 Rxb2 46. Rd6 h5 47. Rc1 Be8 48. Rc8 Kf7 49. Rc7+ Kf8 50. Rd8 h4+ 51. Kf3 Rb6 52. f7 Rf6+ 53. Ke4 Rxf7 54. Rxf7+ Kxf7 55. Kd5 Bb5 56. Rc8 Kf6 57. Rc3 a4 58. Kc5 Bd7 59. Re3 Be6 60. Kd6 Bc4 61. Rf3+ Kg7 62. Ke7 Bd5 63. Rf2 Bc4 64. Kd6 Bb3 65. Kc5 Be6 66. Rd2 Kf6 67. Kb5 Bb3 68. Rd4 Ke5 69. Rxa4 Bxa4+ 70. Kxa4 Kf4 71. Kb5 Kg3 72. a4 Kxh3 73. a5 Kxg4 74. a6 h3 75. a7 h2 76. a8Q Kg3 77. Kc4 g4 78. Qh1 Kh3 79. Qf1+ Kh4 80. Kd4 Kg3 81. Ke3 g5 82. Ke4 Kh4 83. Qg2 g3 84. Kf5 1-0

[Event "Falconara Marittima op 2nd"]
[Site "Falconara Marittima"]
[Date "2005.07.21"]
[Round "6"]
[White "Faber, Hugo"]
[Black "Castrogiovanni, Carlo"]
[Result "1/2-1/2"]
[WhiteElo "2167"]
[BlackElo "2108"]
[PlyCount "55"]
[EventDate "2005.07.18"]
[EventType "swiss"]
[EventRounds "9"]
[EventCountry "ITA"]
[SourceTitle "EXT 2007"]
[Source "ChessBase"]
[SourceDate "2006.11.23"]
[SourceVersion "1"]
[SourceVersionDate "2006.11.23"]
[SourceQuality "1"]

1. e4 c5 2. c3 d5 3. exd5 Qxd5 4. d4 Nc6 5. Nf3 Bg4 6. Be2 cxd4 7. cxd4 e6 8. Nc3 Qd8 9. Be3 Nf6 10. h3 Bxf3 11. Bxf3 Be7 12. 0-0 0-0 13. d5 exd5 14. Nxd5 Nxd5 15. Qxd5 Bf6 16. Rfd1 Bxb2 17. Rab1 Bf6 18. Rxb7 Ne5 19. Be2 h6 20. Qc5 Qc8 21. Rc7 Qe6 22. f4 Qxa2 23. Bf1 Ng6 24. Bc4 Qa4 25. Rdd7 Nh8 26. Bd4 Rab8 27. Rxa7 Qd1+ 28. Kh2 1/2-1/2

[Event "Falconara Marittima op 2nd"]
[Site "Falconara Marittima"]
[Date "2005.07.20"]
[Round "4"]
[White "Rinaudo, Andrea"]
[Black "Faber, Hugo"]
[Result "1-0"]
[WhiteElo "2130"]
[BlackElo "2167"]
[PlyCount "99"]
[EventDate "2005.07.18"]
[EventType "swiss"]
[EventRounds "9"]
[EventCountry "ITA"]
[SourceTitle "EXT 2007"]
[Source "ChessBase"]
[SourceDate "2006.11.23"]
[SourceVersion "1"]
[SourceVersionDate "2006.11.23"]
[SourceQuality "1"]

1. e4 Nf6 2. e5 Nd5 3. c4 Nb6 4. d4 d6 5. f4 dxe5 6. fxe5 c5 7. dxc5 Qxd1+ 8. Kxd1 Na4 9. b3 Nxc5 10. Be3 Bg4+ 11. Be2 Bxe2+ 12. Kxe2 e6 13. Nc3 a6 14. Nf3 Nc6 15. Rad1 Nd7 16. Bf4 h6 17. g4 0-0-0 18. Ne4 Bb4 19. Nd6+ Bxd6 20. Rxd6 Nc5 21. Rhd1 Ne4 22. Rxd8+ Rxd8 23. Rxd8+ Kxd8 24. Bd2 Kc7 25. Be1 a5 26. Kd3 Nc5+ 27. Kc3 Nb4 28. a3 Nbd3 29. Bg3 Nc1 30. Nd4 a4 31. bxa4 N1d3 32. a5 Nf2 33. Nb5+ Kc6 34. Nd6 Nce4+ 35. Kd4 Nxd6 36. Bxf2 Ne8 37. Be1 g6 38. Bb4 h5 39. h3 hxg4 40. hxg4 Nc7 41. Bf8 Ne8 42. Ke4 Nc7 43. Kf4 Na6 44. Kg5 Nc5 45. Bxc5 Kxc5 46. Kf6 Kd4 47. g5 Ke4 48. c5 Kd5 49. Kxf7 Kxe5 50. c6 1-0

[Event "Falconara Marittima op 2nd"]
[Site "Falconara Marittima"]
[Date "2005.07.19"]
[Round "3"]
[White "Faber, Hugo"]
[Black "Tencati, Giuseppe"]
[Result "0-1"]
[WhiteElo "2167"]
[BlackElo "2109"]
[PlyCount "138"]
[EventDate "2005.07.18"]
[EventType "swiss"]
[EventRounds "9"]
[EventCountry "ITA"]
[SourceTitle "EXT 2007"]
[Source "ChessBase"]
[SourceDate "2006.11.23"]
[SourceVersion "1"]
[SourceVersionDate "2006.11.23"]
[SourceQuality "1"]

1. e4 e6 2. d4 d5 3. Nd2 Nf6 4. e5 Nfd7 5. f4 c5 6. c3 Nc6 7. Ndf3 cxd4 8. cxd4 Qb6 9. g3 Bb4+ 10. Kf2 f6 11. Kg2 Nf8 12. Bd3 Bd7 13. Ne2 0-0-0 14. a3 Be7 15. b4 Kb8 16. Bd2 Rc8 17. Rb1 Be8 18. Qb3 Bg6 19. Bxg6 Nxg6 20. a4 Rc7 21. h4 Rhc8 22. h5 Nh8 23. Rhc1 Nf7 24. f5 Ng5 25. Bf4 Nxf3 26. Rxc6 Rxc6 27. Qxf3 Ka8 28. fxe6 Rxe6 29. b5 Rc2 30. Qd3 Ra2 31. Rc1 a6 32. Kh3 Qd8 33. Nc3 Ra3 34. Qxh7 fxe5 35. dxe5 d4 36. Ne4 Qf8 37. Kh2 Rf3 38. bxa6 Rxf4 39. axb7+ Kxb7 40. Nf6 Rfxf6 41. exf6 Rxf6 42. Qe4+ Kb8 43. Qe5+ Bd6 44. Qb5+ Ka8 45. Qc6+ Ka7 46. Qd7+ Kb8 47. Rb1+ Bb4 48. Qb5+ Kc7 49. Rxb4 Rf2+ 50. Kg1 Rf1+ 51. Qxf1 Qxb4 52. Qf7+ Kc6 53. Qxg7 Qe1+ 54. Kg2 Qe2+ 55. Kg1 d3 56. Qf6+ Kd5 57. Qd8+ Kc4 58. Qc7+ Kd4 59. Qd6+ Kc3 60. Qa3+ Kc4 61. Qc1+ Kb3 62. Qb1+ Kc3 63. Qc1+ Qc2 64. Qa3+ Kc4 65. Qd6 d2 66. Qc6+ Kb3 67. Qd5+ Kb2 68. Qd4+ Ka2 69. Qd5+ Ka1 0-1

[Event "Geraardsbergen op"]
[Site "Geraardsbergen"]
[Date "1992.??.??"]
[Round "6"]
[White "Vetemaa, Juri"]
[Black "Faber, Hugo"]
[Result "1/2-1/2"]
[WhiteElo "2395"]
[BlackElo "2020"]
[PlyCount "130"]
[EventDate "1992.??.??"]
[EventType "swiss"]
[EventRounds "7"]
[EventCountry "BEL"]
[SourceTitle "EXT 1999"]
[Source "ChessBase"]
[SourceDate "1998.11.16"]
[SourceVersion "1"]
[SourceVersionDate "1998.11.16"]
[SourceQuality "1"]

1. e4 Nf6 2. e5 Nd5 3. d4 d6 4. c4 Nb6 5. f4 dxe5 6. fxe5 Nc6 7. Nf3 Bf5 8. d5 Nb4 9. Nd4 e6 10. Nxf5 exf5 11. Bf4 g5 12. Bg3 Qe7 13. a3 f4 14. Bf2 Qxe5+ 15. Be2 Qxb2 16. axb4 Bxb4+ 17. Kf1 Qxa1 18. Bd4 Qa4 19. Qxa4+ Nxa4 20. Bxh8 0-0-0 21. Bf6 Rg8 22. h4 g4 23. h5 Nc5 24. Bc3 a5 25. Bxb4 axb4 26. Nd2 f5 27. Kf2 Re8 28. Rb1 b3 29. Rxb3 f3 30. Bf1 fxg2 31. Bxg2 f4 32. Ra3 Kd7 33. Bf1 Re5 34. Be2 f3 35. Nxf3 gxf3 36. Rxf3 Ne4+ 37. Ke1 Kd6 38. Re3 Kc5 39. h6 Kd4 40. Rf3 Re7 41. Rf4 Kc5 42. Bd3 Ng5+ 43. Kd2 b5 44. cxb5 Kxd5 45. Kc3 Kd6 46. Rd4+ Kc5 47. Rc4+ Kd5 48. Kb4 Ne6 49. Rg4 Ke5 50. Bc4 Nf8 51. Rg1 Ng6 52. Kc5 Kf6 53. Bg8 Re5+ 54. Kb4 Re7 55. Ka5 Ne5 56. Ka6 Nd7 57. Kb7 Ne5 58. Kc8 c5 59. Bd5 c4 60. b6 Nd7 61. b7 Nb6+ 62. Kd8 Rd7+ 63. Ke8 Re7+ 64. Kd8 Rd7+ 65. Ke8 Re7+ 1/2-1/2